Guess The KPOP Idol By Their Baby Picture. - Statistics

General Stats
  • This quiz has been taken 411 times
  • The average score is 8 of 16
Answer Stats
Picture Answer % Correct
Felix
82%
Jimin
76%
Yeji
74%
IU
64%
Hyunjin
58%
Wonyoung
52%
Jay
47%
Mark
45%
Jungkook
43%
Taehyun
43%
Sunoo
42%
Jihyo
38%
Mingyu
34%
Eunwoo
33%
Beomgyu
26%
Haechan
25%
No matching quizzes found
Score Distribution
Percent of People with Each Score
Percentile by Number Answered
Your Score History
You have not taken this quiz